000 00812nam a22002177a 4500
003 0
005 20250822081024.0
008 250822b xxu||||| |||| 00| 0 eng d
020 _a978-1-03-273627-3
050 _aLB 1631
_b.C66 2025
100 _aCoombs, Dawan,
_eauthor.
245 _aTeaching reading and literature with classroom talk :
_bdialogical approaches and practical strategies in the secondary ELA classroom /
_cDawan Coombs.
260 _aNew York, NY :
_bRoutledge,
_c2025.
300 _axiii, 199 pages :
_billustrations ;
_c23 cm.
504 _aIncludes bibliographical references.
650 _aEnglish language
_xStudy and teaching (Secondary).
650 _aLiterature
_xStudy and teaching (Secondary).
650 _aReading (Secondary).
650 _aDialogic teaching.
942 _2lcc
_cBK
999 _c367557
_d367557